000 00354nam a22001577a 4500
003 SGT
020 _a978-93-5746-164-1
082 _a611
_bTOR
100 _aTORTORA, GERARD J.
245 _aPRINCIPLES OF ANATOMY AND PHYSIOLOGY
250 _a16TH
260 _aINDIA
_bWILEY PUB.
_c2024
300 _a1023
650 _aANATOMY
942 _2ddc
_cBK
999 _c33071
_d33071